00429 2200157 4500001002100000005001500021035002000036245007800056100001100134300002600145260004400171082000800215084001400223020002200237990001200259INLIS00000000000258520250605020008 a0010-06250001711 aMembuat Media Pembelajaran Yang Menarik Dengan Canva /cSukari, S.Pd,M.Pd0 aSukari a124 hlm ;c15 x 23 cm aJakarta :bEsensi Erlangga Group,c2024 a600 a600 SUK m a978-623-7478-80-5 a0754872